Adrià Gual : mitja vida de modernisme / Carles Batlle i Jordà, Isidre Bravo, Jordi Coca, fotografies: Ramon Manent mitja vida de modernisme / Carles Batlle i Jordà, Isidre Bravo, Jordi Coca, fotografies:
ISBN:
84-7794-209-9
Descripción Física:
253 p. : il. col. ; 31 cm
MARC
| LEADER | 00000nam a2200000Ia 4500 | ||
|---|---|---|---|
| 001 | 17138 | ||
| 008 | 160829s1992 xx 000 0 cat d | ||
| 020 | |a 84-7794-209-9 | ||
| 080 | |a FOL-2-104 | ||
| 100 | |a Batlle, Carles, |d 1963- |9 53570 | ||
| 245 | |a Adrià Gual : |b mitja vida de modernisme / Carles Batlle i Jordà, Isidre Bravo, Jordi Coca, fotografies: |b Ramon Manent | ||
| 260 | |a Barcelona : |b Diputació de Barcelona : |b Àmbit, |c 1992 | ||
| 300 | |a 253 p. : |b il. col. ; |c 31 cm | ||
| 590 | |a Cronologia. Bibliografia. Índex | ||
| 600 | 0 | |a Gual. Adrià, |d 1872-1943 |9 47732 | |
| 650 | |a Modernisme |x Catalunya |9 30303 | ||
| 650 | 0 | |a Modernisme (Art) |9 56051 | |
| 700 | 1 | |a Bravo, Isidre, |d 1940-2011 |9 28797 | |
| 700 | |a Coca, Jordi, |d 1947- |9 28798 | ||
| 700 | |a Manent, Ramon, |d 1948- |e fotògraf |9 39599 | ||
| 901 | |a Arxiu | ||
| 942 | |n 1 |2 udc | ||
| 952 | |0 0 |1 0 |4 0 |6 FOL2104 |7 1 |9 44941 |a Arxiu |b Arxiu |d 2016-12-01 |l 0 |o FOL-2-104 |p 17138 |r 2016-12-01 00:00:00 |w 2016-12-01 |y ARXIU | ||
| 999 | |c 47540 |d 47540 | ||